Sports Quiz

Random Sports Quiz
Score 0/110 Timer 12:00
0 Plays Today
Hint Answer % Correct
61Damian Lillard
100%
60Damian Lillard
100%
60James Harden
100%
59James Harden
100%
55James Harden
100%
55Bradley Beal
100%
54James Harden
100%
54Kyrie Irving
100%
53Bradley Beal
100%
52D'angelo Russell
100%
51Damian Lillard
100%
50Damian Lillard
100%
50James Harden
100%
50Kyrie Irving
100%
50Giannis Antetokounmpo
100%
50Anthony Davis
100%
50Eric Gordon
100%
19LeBron James
100%
17Luka Doncic
100%
17Ben Simmons
100%
16LeBron James
100%
16LeBron James
100%
15LeBron James
100%
15LeBron James
100%
15LeBron James
100%
15Luka Doncic
100%
15Luka Doncic
100%
15Luka Doncic
100%
15Giannis Antetokounmpo
100%
15Kyle Lowry
100%
7Ben Simmons
100%
7Ben Simmons
100%
8Anthony Davis
100%
7Anthony Davis
100%
TOTO
100%
11James Harden
100%
9Bradley Beal
100%
Hint Answer % Correct
9D'angelo Russell
100%
50Trae Young
90%
51Khris Middleton
90%
18Trae Young
90%
16Trae Young
90%
16Draymond Green
90%
15Trae Young
90%
15Jrue Holiday
90%
22Tristian Thompson
90%
6Jrue Holiday
90%
10Russell Westbrook
90%
9Trae Young
90%
9Trae Young
90%
9Russell Westbrook
90%
24Andre Drummond
80%
24Andre Drummond
80%
24Nikola Vucevic
80%
23Andre Drummond
80%
23Andre Drummond
80%
23Hassan Whiteside
80%
23Hassan Whiteside
80%
22Andre Drummond
80%
22Andre Drummond
80%
22Hassan Whiteside
80%
22Hassan Whiteside
80%
22Domantas Sabonis
80%
6Nikola Vucevic
80%
6Andre Drummond
80%
10Hassan Whiteside
80%
7Hassan Whiteside
80%
7Hassan Whiteside
80%
9Zach LaVine
80%
9Zach LaVine
80%
9Nikola Jokic
80%
9Donovan Mitchell
80%
9Andre Drummond
80%
9Kawhi Leonard
80%
Hint Answer % Correct
15Lonzo Ball
70%
15Ricky Rubio
70%
23Clint Capela
70%
22Clint Capela
70%
7Ricky Rubio
70%
7Dennis Smith
70%
6Jimmy Butler
70%
6Jamal Murray
70%
8Brook Lopez
70%
7Brook Lopez
70%
7Brook Lopez
70%
7Rudy Gobert
70%
PTSPTS
60%
ASTAST
60%
RBDRBD
60%
6Paul George
60%
6Myles Turner
60%
15Elfrid Payton
50%
STLSTL
50%
7Fred VanVleet
50%
7Elfrid Payton
50%
6Gary Payton
50%
6RJ Barrett
50%
BLKBLK
50%
7Jaren Jackson
50%
7Jerami Grant
50%
15Devonte Graham
40%
7Jonathan Isaac
40%
6Frank Ntilikina
40%
6Caris LeVert
40%
6Robert Covington
30%
6Daniel House
30%
6Deandre Hunter
30%
30%
6Willie Cauley-Stein
20%
7John Henson
10%
Come Together.
Have Fun.
All Virtual.
We all need to come together. Play Sporcle's virtual live trivia to have fun, connect with people, and get your trivia on. Join a live hosted trivia game for your favorite pub trivia experience done virtually. If a virtual private party is more your thing, go here for details.

You're not logged in!

Compare scores with friends on all Sporcle quizzes.
OR
Log In

Sporcle TV

Today on Sporcle TV


Watch our educational content, quiz creation guides, and fun videos on Sporcle TV.

Show Comments

Extras

Created Feb 25, 2020ReportNominate
Tags:Category, Performance, team, Top 15

Top Quizzes Today


Score Distribution

Paid Content

Your Account Isn't Verified!

In order to create a playlist on Sporcle, you need to verify the email address you used during registration. Go to your Sporcle Settings to finish the process.

Report this User

Report this user for behavior that violates our Community Guidelines.

Details: